| 000 | 00846nam a22002657a 4500 | ||
|---|---|---|---|
| 999 |
_c29232 _d29203 |
||
| 003 | EG-ScBUE | ||
| 005 | 20210712120901.0 | ||
| 008 | 200219s2009 enkbo f b 001 0 eng d | ||
| 020 | _a9780749217129 | ||
| 040 |
_aEG-ScBUE _beng _erda _cEG-ScBUE _dEG-ScBUE |
||
| 082 | 0 | 4 |
_a325.32 _bWHY _222 |
| 245 | 0 | 0 |
_aWhy do empires end ? : _bconclusions and legacies. |
| 264 | 1 |
_aMilton Keynes : _bOpen University, _c2009. |
|
| 300 |
_a237 pages : _bmaps, photographs ; _c24 cm. |
||
| 336 |
_2rdacontent _atext _btxt |
||
| 337 |
_2rdamedia _aunmediated _bn |
||
| 338 |
_2rdacarrier _avolume _bnc |
||
| 490 | 0 | _aA326 Empire : 1492-1975 | |
| 500 | _aIncludes glossary. | ||
| 504 | _aIncludes bibliographical references and index. | ||
| 650 | 7 |
_aImperialism _xHistory. _2BUEsh |
|
| 653 |
_bGGEN _cJuly2021 |
||
| 655 |
_vReading book _934232 |
||
| 942 |
_2ddc _cBB |
||